000 00860nam0a22002291 4500
001 rc\2610826
005 20260406214215.0
035 _a(NLR Aleph) 006774698
090 _a5981313
_c5981313
100 _a20110914d1930 |||y0rusy50 ca
101 0 _arus
102 _aRU
105 _ay z |||||
200 1 _aТезисы докладов
_eII-й Всероссийский съезд микробиологов. Москва. 27-31 января 1930 г.
210 _aМосква
_cОрганизационный ком-т Съезда
_d1930
_gтип. 1-й Моск. артели
215 _a47 с.
_d25х17 см.
710 1 2 _aВсесоюзный съезд микробиологов
_d2
_eМосква
_f1930
_9440402
_3RU\NLR\AUTH\889971941
801 0 _aRU
_bNLR
_gpsbo
801 1 _aRU
_bELAR
_2rusmarc
852 _aNLR
_j59/837
942 _cBOOK
980 _aNB